|
|
|
|
| LEADER |
00000nam0a2200000 4500 |
| 001 |
8192 |
| 005 |
20231101204601.0 |
| 010 |
|
|
|a 5222001776
|
| 035 |
|
|
|a (RuTPU)RU\TPU\book\8238
|
| 035 |
|
|
|a BOOK00008297
|
| 090 |
|
|
|a 8192
|
| 100 |
|
|
|a 20011209d1998 m y0rusy50 ca
|
| 101 |
0 |
|
|a rus
|
| 102 |
|
|
|a RU
|
| 105 |
|
|
|a a z 000ab
|
| 200 |
1 |
|
|a Андрей Миронов
|f А. В. Вислова
|
| 210 |
|
|
|a Ростов-на-Дону
|c Феникс
|d 1998
|
| 215 |
|
|
|a 287 с.
|c ил.
|
| 225 |
1 |
|
|a Мужчина-миф
|
| 600 |
|
1 |
|a Миронов
|b А. А.
|c российский актер
|c народный артист России
|f 1941 - 1987
|g Андрей Александрович
|2 stltpush
|3 (RuTPU)RU\TPU\pers\12461
|9 3468
|
| 610 |
1 |
|
|a кино
|
| 610 |
1 |
|
|a актеры
|
| 610 |
1 |
|
|a театр
|
| 675 |
|
|
|a 791.44.071
|v 3
|
| 700 |
|
1 |
|a Вислова
|b А. В.
|g Анна Владимировна
|
| 801 |
|
0 |
|a RU
|b 63413507
|c 20011209
|g PSBO
|
| 801 |
|
2 |
|a RU
|b 63413507
|c 20050304
|g PSBO
|
| 942 |
|
|
|c BK
|